Blueprint Intermediate Workbook

Saved in:
Bibliographic Details
Main Author: Walker, Elaine
Other Authors: Elsworth, Steve
Format: Book
Language:English
Published: Harlow Longman 1990
Edition:1. ed.
Subjects:
Tags: Add Tag
No Tags, Be the first to tag this record!

MARC

LEADER 00000nam a2200000 4500
001 c000505
005 20221215113347.8
020 |a 0-582-02130-8 
041 0 |a eng 
044 |a GB 
245 1 0 |a Blueprint Intermediate  |b Workbook  |c Elaine Walker, Steve Elsworth 
250 |a 1. ed. 
264 1 |a Harlow  |b Longman  |c 1990 
300 |a 73 s. 
610 2 0 |a angličtina 
610 2 0 |a jazykoveda 
100 1 |a Walker, Elaine 
700 1 |a Elsworth, Steve